Comme prévu - Ninho - Statistiques

Statistiques générales
  • Ce quiz a été pris 259 fois
  • Le résultat moyen est 11 sur 15
Statistiques - réponses
Titres % Correct
9 (ft. Nekfeu) De l'autre côté
95%
1 Comme prévu
93%
5 (ft. Sofiane) Laisse pas trainer ton fils
90%
12 (ft. Hös) Dita
88%
8 Rose
83%
14 (ft. Gradur= Lové
78%
3 Mamacita
77%
6 Roro
77%
11 (ft. Alonzo) Ce soir
74%
2 Chino
66%
4 Caramelo
65%
15 Carbozo
65%
10 Elle m'a eu
63%
13 Pourquoi
63%
7 HLM ou Palace
60%
Aucun quiz correspondant
Distribution des résultats
% des personnes avec chaque résultat
Percentile par nombre de réponses
Votre historique - résultats
Vous n’avez pas pris ce quiz